प्रेमचन्द : (Record no. 113308)

MARC details
000 -LEADER
fixed length control field 01023nam a22002537a 4500
005 - DATE AND TIME OF LATEST TRANSACTION
control field 20170124102951.0
010 ## - LIBRARY OF CONGRESS CONTROL NUMBER
LC control number 137025
020 ## - INTERNATIONAL STANDARD BOOK NUMBER
Terms of availability 2.00
035 ## - SYSTEM CONTROL NUMBER
System control number 137025
037 ## - SOURCE OF ACQUISITION
Source of stock number/acquisition Cen Lib/Ret
040 ## - CATALOGING SOURCE
Original cataloging agency DPL
Language of cataloging HN
082 ## - DEWEY DECIMAL CLASSIFICATION NUMBER
Classification number 921
Item number श्रीवास्त
100 ## - MAIN ENTRY--PERSONAL NAME
Personal name श्रीवास्तव, हिमांशु
9 (RLIN) 44612
245 ## - TITLE STATEMENT
Title प्रेमचन्द :
Statement of responsibility, etc हिमांशु श्रीवास्तव
Remainder of title मित्रो में /
246 ## - VARYING FORM OF TITLE
Title proper/short title Premchand : mitron mein /
Remainder of title by Himanshu shrivastav
260 ## - PUBLICATION, DISTRIBUTION, ETC. (IMPRINT)
Place of publication, distribution, etc वाराणसी
Name of publisher, distributor, etc चौधरी एंड संस
270 ## - ADDRESS
City वाराणसी
300 ## - PHYSICAL DESCRIPTION
Extent 128पृ.
Dimensions 18सेमी(सजिल्द)
650 ## - SUBJECT ADDED ENTRY--TOPICAL TERM
Topical term or geographic name as entry element हिंदी साहित्य
9 (RLIN) 51633
650 ## - SUBJECT ADDED ENTRY--TOPICAL TERM
Topical term or geographic name as entry element हिंदी साहित्य -- जीवनी
9 (RLIN) 51634
650 ## - SUBJECT ADDED ENTRY--TOPICAL TERM
Topical term or geographic name as entry element Hindi literature
9 (RLIN) 51635
650 ## - SUBJECT ADDED ENTRY--TOPICAL TERM
Topical term or geographic name as entry element Hindi literature -- Biography
9 (RLIN) 51636
942 ## - ADDED ENTRY ELEMENTS (KOHA)
Source of classification or shelving scheme Dewey Decimal Classification
Koha item type Hindi Books
Classification part 921
Call number suffix श्रीवास्त
Holdings
Withdrawn status Lost status Damaged status Not for loan Home library Current library Date acquired Source of acquisition Cost, normal purchase price Total Checkouts Full call number Barcode Date last seen Copy number Cost, replacement price Price effective from Koha item type
        Central Library Central Library 12/08/2015 Cen Lib/Ret 2.00   921 श्रीवास्त 137025 12/08/2015 1 2.00 12/08/2015 Hindi Books

© Delhi Public Library
Hit Counter
free hit counter